00641nam a2200169Ia 4500008004100000020001500041041000800056082001600064100004100080245010100121250000600222260003700228300002300265650003900288999001900327952012500346210716s2005 xx 000 0 und d a8181475348 aeng a004.22 HENJ aHennessy, John L;Patterson, David A. aComputer organization and design: the hardware software interface.bHardware software interface. a2 aNew DelhibMorgan Kaufmannc2005 axxix,759,I-32/2000 aComputer Architecture/Organization c186203d186203 001040708MCAaAIMITbAIMITeBook Worldg395.00l0o004.22 HENJpMCA05711r2025-07-21 00:00:00v335.75w2021-07-16yBK